Missing Word: Music & Movies (F) Quiz Stats

 Plays Quiz Updated Mar 25, 2016

Challenge
Share
Tweet
Embed
Score 0/26 Timer 02:00
0 Plays Today
Title 'F' Word % Correct
Poker ____Face
98.7%
When I ____ in LoveFall
95.3%
____ Weddings and a FuneralFour
94.9%
My ____ LadyFair
92.5%
____ WillyFree
92.5%
One ____ Over the Cuckoo's NestFlew
91.9%
We Didn't Start the ____Fire
91.4%
A Simple Twist of ____Fate
91.4%
The Man Who ____ to EarthFell
91.3%
____ Metal JacketFull
90.5%
My Left ____Foot
87.2%
A ____ Called WandaFish
86.8%
24 Hours ____ TulsaFrom
84.6%
Title 'F' Word % Correct
____ and Loathing In Las VegasFear
84.2%
____ Like Makin' LoveFeel
83.7%
____ Easy PiecesFive
82.5%
Uptown ____Funk
80.3%
____ CarFast
79.6%
Mad Max: ____ RoadFury
77.9%
Happy ____Feet
73.5%
____ of FuryFist
57.5%
____ Plastic TreesFake
56.5%
____ LadyFoxy
48.4%
The ____ on the HillFool
45.4%
Not ____ AwayFade
36.2%
White ____Flag
34.7%

Today's Daily Dose

You're not logged in!

Compare scores with friends on all Sporcle quizzes.
Join for Free
OR
Log In

You Might Also Like...

Show Comments

Extras

Top Quizzes Today


Score Distribution

Your Account Isn't Verified!

In order to create a playlist on Sporcle, you need to verify the email address you used during registration. Go to your Sporcle Settings to finish the process.

Report this User

Report this user for behavior that violates our Community Guidelines.

Details: